000 01378cam a22003854i 4500
003 PE-LiUPU
005 20250731183403.0
008 150623s r 000 0 d
020 _a0500280703
035 _a(Sirsi) i9780500280706
040 _aPE-LiUPU
_bspa
_cPE-LiUPU
_erda
049 _aPRUA
082 0 4 _a709.32
_bW57
_221
100 1 _aWilkinson, Richard H.,
_eautor.
245 1 0 _aSymbol and magic in Egyptian art.
264 1 _aNew York, NY :
_bThames and Hudson,
_c1994.
300 _a224 páginas :
_bilustraciones fotos ;
_cIncluye bibliografía
336 _atext
_2rdacontent
337 _aunmediated
_2rdamedia
338 _avolume
_2rdacarrier
505 0 _aThe symbolism of form, size, location, materials, color, numbers, hieroglyphs, actions, and gestures.
526 _aP158
526 _aP146
526 _aP17
526 _aP12
526 _aP06
650 0 4 _aArte egipcio.
_91345
650 0 4 _aSimbolismo en el arte.
942 _2ddc
_cBOOK
949 _a709.32 W57
_wDEWEY
_c1
_i48145
_lCCODEBUL1
_mBUL
_r0
_sY
_tBOOK
_u2015-6-24
_xTEOLOGIA
_PP35
_0COMPRA
_o.STAFF. Colección General
994 _aC0
_bPEPRU
596 _a1
999 _a709.32 W57
_wDEWEY
_c25118
_i48145
_f2021-11-11
_g5
_lCCODEBUL1
_mBUL
_r0
_sY
_tBOOK
_u2015-6-24
_xTEOLOGIA
_PP35
_0COMPRA
_o.STAFF. Colección General
_d25118
980 _81
_gALBERTO SANCHEZ Responsable de Automatización